000 00859nam a2200253 i 4500
001 C2-0243626
003 PPAK
005 20180727205154.0
008 021031s2002 my a|||| ||||| | may d
022 _a1394-6463
040 _aPPAK
_beng
_cPPAK
_erda
082 0 4 _a657.74021
_223
090 0 0 _a657.74021
_bMAL
_dR
110 2 _aMalaysia, Jabatan Perangkaan
245 0 0 _aLaporan imbangan pembayaran suku tahunan Malaysia - Suku tahun kedua 2002 =
_bQuarterly balance of payments report Malaysia - Second quarter 2002
264 1 _aPutrajaya :
_bJabatan Perangkaan Malaysia ,
_c2002
300 _amulti pages :
_billustrations ;
_c29 cm
336 _2rdacontent
_atext
337 _2rdamedia
_aunmediated
338 _2rdacarrier
_avolume
650 1 0 _aAccounting - Periodicals
710 2 _aMalaysia, Jabatan Perangkaan
_eorganizer
942 _ddc
_cB
999 _c58051
_d58051